Top 10 des héros My Hero Académia - Statistiques

Statistiques générales
  • Ce quiz a été pris 1 197 fois
  • Le résultat moyen est 4 sur 10
Statistiques - réponses
Nom % Correct
1 Endeavor
97%
2 Hawks
86%
3 Best Jeanist
52%
5 Mirko
43%
8 Wash
35%
7 Dieu Sylvestre
33%
4 Edgeshot
30%
10 Ryukyu
24%
6 Crust
16%
9 Samouraï
9%
Aucun quiz correspondant
Distribution des résultats
% des personnes avec chaque résultat
Percentile par nombre de réponses
Votre historique - résultats
Vous n’avez pas pris ce quiz